[Event "MGL-ch (Women)"]
[Site "Chinggis City"]
[Date "2022.05.15"]
[Round "4"]
[White "Mungunzul, Bat Erdene"]
[Black "Anu, Bayar"]
[Result "1-0"]
[WhiteElo "2091"]
[BlackElo "2102"]
[PlyCount "99"]
[EventDate "2022.05.12"]
[EventType "tourn"]
[EventRounds "11"]
[EventCountry "MGL"]
[SourceTitle "CBM 208 Extra"]
[Source "ChessBase"]
[SourceDate "2022.07.31"]
[SourceVersion "1"]
[SourceVersionDate "2022.07.31"]
[SourceQuality "1"]

1. d4 Nf6 2. c4 g6 3. Nc3 Bg7 4. e4 d6 5. Nf3 0-0 6. Be2 e5 7. Be3 Na6 8. d5 Ng4 9. Bg5 f6 10. Bh4 h5 11. Nd2 Bd7 12. h3 Nh6 13. f3 Nf7 14. a3 c5 15. dxc6 bxc6 16. b4 Nc7 17. Nb3 Ne6 18. 0-0 Nf4 19. Re1 Be6 20. Bf1 Qc8 21. Kh2 Rd8 22. Rc1 g5 23. Bg3 Ng6 24. Ne2 Bh6 25. Rc3 g4 26. h4 Nf4 27. Qc2 Kh8 28. c5 d5 29. Bxf4 exf4 30. Ned4 dxe4 31. Qxe4 Ne5 32. Ba6 Qd7 33. Nxc6 Bf5 34. Nxe5 fxe5 35. Qb7 Qe6 36. Nd4 g3+ 37. Kg1 Qa2 38. Ne2 Qd2 39. Rcc1 Qe3+ 40. Kh1 Qf2 41. Rf1 Qe3 42. c6 Rg8 43. c7 Qxa3 44. Rc3 Qb2 45. Rfc1 Rac8 46. Qc6 Rg6 47. Qxg6 Bxg6 48. Bxc8 Qxe2 49. Be6 Kh7 50. c8Q 1-0

[Event "Speed Chess (Women) Q2"]
[Site "Chess.com INT"]
[Date "2020.06.19"]
[Round "12"]
[White "Soumya, Swaminathan"]
[Black "Anu, Bayar"]
[Result "1-0"]
[WhiteElo "2351"]
[BlackElo "2102"]
[PlyCount "119"]
[EventDate "2020.06.19"]
[EventType "swiss (blitz)"]
[EventRounds "13"]
[EventCountry "USA"]
[SourceTitle "CBM 196 Extra"]
[Source "ChessBase"]
[SourceDate "2020.07.31"]
[SourceVersion "1"]
[SourceVersionDate "2020.07.31"]
[SourceQuality "1"]

1. Nf3 c5 2. c4 Nc6 3. d4 cxd4 4. Nxd4 g6 5. Nc3 Bg7 6. e3 Nf6 7. Be2 0-0 8. 0-0 d6 9. b3 a6 10. Bb2 Bd7 11. Nd5 Nxd5 12. Nxc6 bxc6 13. Bxg7 Kxg7 14. cxd5 cxd5 15. Qxd5 Be6 16. Qd4+ Kg8 17. Rac1 Qa5 18. Rc2 Rfc8 19. Qe4 Rxc2 20. Qxc2 Rc8 21. Qb2 Bf5 22. Bc4 d5 23. Qe5 Rc5 24. Qb8+ Kg7 25. b4 Qc7 26. Qxc7 Rxc7 27. Bxd5 Bd3 28. Re1 e6 29. Bb3 Rb7 30. Rd1 Be2 31. Rd2 Bg4 32. f3 Bf5 33. e4 Bxe4 34. fxe4 Rxb4 35. Re2 a5 36. e5 a4 37. Bc2 Rb2 38. Bd3 a3 39. Rxb2 axb2 40. a4 f6 41. a5 fxe5 42. a6 Kf7 43. a7 Ke7 44. a8Q Kd6 45. Qe4 Kc5 46. Qc4+ Kd6 47. Qb4+ Kd7 48. Qxb2 Kc6 49. Qxe5 Kb6 50. Qb5+ Kc7 51. Be4 Kd6 52. Kf2 Ke7 53. Qe5 Kd7 54. Ke3 Ke7 55. Kd4 Kd7 56. Kc5 Ke7 57. Bd5 Kd7 58. Qxe6+ Kd8 59. Kd6 g5 60. Qd7# 1-0

[Event "Speed Chess (Women) Q2"]
[Site "Chess.com INT"]
[Date "2020.06.19"]
[Round "2"]
[White "Yu, Jennifer R"]
[Black "Anu, Bayar"]
[Result "1-0"]
[WhiteElo "2315"]
[BlackElo "2102"]
[PlyCount "137"]
[EventDate "2020.06.19"]
[EventType "swiss (blitz)"]
[EventRounds "13"]
[EventCountry "USA"]
[SourceTitle "CBM 196 Extra"]
[Source "ChessBase"]
[SourceDate "2020.07.31"]
[SourceVersion "1"]
[SourceVersionDate "2020.07.31"]
[SourceQuality "1"]

1. d4 Nf6 2. c4 c5 3. d5 e6 4. Nc3 exd5 5. cxd5 g6 6. e4 d6 7. f4 Bg7 8. Bb5+ Nfd7 9. Nf3 a6 10. Bd3 b5 11. 0-0 0-0 12. Kh1 c4 13. Bc2 Nc5 14. a3 Bg4 15. h3 Bxf3 16. Qxf3 Nbd7 17. Be3 Rb8 18. Rad1 a5 19. Bd4 b4 20. axb4 axb4 21. Ne2 b3 22. Bb1 Na4 23. Bxg7 Kxg7 24. Rd2 Qf6 25. Nd4 Rfc8 26. Nc6 Rb6 27. e5 dxe5 28. fxe5 Qxf3 29. Rxf3 Rbxc6 30. dxc6 Nxe5 31. Re3 Nxc6 32. Be4 Nb4 33. Bb7 Rc7 34. Be4 Nc2 35. Bxc2 bxc2 36. Rxc2 Nb6 37. b3 Ra7 38. bxc4 Ra1+ 39. Kh2 Ra7 40. c5 Rc7 41. Rec3 Nd5 42. Ra3 Nb4 43. Rc4 Nc6 44. Ra6 f6 45. Rb6 Ne5 46. Rc2 Kf7 47. c6 Ke7 48. g4 h6 49. Kg3 g5 50. Ra6 Kd6 51. Rb6 Rxc6 52. Rbxc6+ Nxc6 53. Rf2 Ne5 54. Rxf6+ Kd5 55. Rxh6 Ke4 56. Rh5 Nd3 57. Rxg5 Ne5 58. Rf5 Nc4 59. Rf4+ Kd3 60. Rxc4 Kxc4 61. Kf4 Kd5 62. Kf5 Kd6 63. Kf6 Kd7 64. Kf7 Kd6 65. g5 Ke5 66. g6 Kf5 67. g7 Kg5 68. g8Q+ Kh4 69. Qg4# 1-0

[Event "MGL-ch (Women) 51st"]
[Site "Murun"]
[Date "2019.09.29"]
[Round "11"]
[White "Anu, Bayar"]
[Black "Munguntuul, Batkhuyag"]
[Result "0-1"]
[WhiteElo "2165"]
[BlackElo "2421"]
[PlyCount "110"]
[EventDate "2019.09.21"]
[EventType "tourn"]
[EventRounds "11"]
[EventCountry "MGL"]
[SourceTitle "EXT 2020"]
[Source "ChessBase"]
[SourceDate "2019.10.17"]
[SourceVersion "1"]
[SourceVersionDate "2019.10.17"]
[SourceQuality "1"]

1. d4 Nf6 2. c4 c5 3. d5 e6 4. Nc3 exd5 5. cxd5 d6 6. e4 g6 7. Bb5+ Nbd7 8. f4 a6 9. Bd3 Bg7 10. Nf3 0-0 11. 0-0 b5 12. Kh1 Re8 13. Re1 c4 14. Bc2 Nc5 15. a3 Bb7 16. f5 Ng4 17. Qd2 Bc8 18. h3 Ne5 19. Nxe5 Bxe5 20. Ne2 Qh4 21. Ng1 Bg3 22. Re2 Bd7 23. Nf3 Qh5 24. f6 Bxh3 25. Qh6 Qxh6 26. Bxh6 Bf5 27. Nd4 Bxe4 28. Nc6 Bh4 29. Ne7+ Rxe7 30. fxe7 f5 31. Bf8 Re8 32. Bxe4 Nxe4 33. Kg1 h5 34. a4 b4 35. Rc1 c3 36. bxc3 bxc3 37. Rxe4 fxe4 38. Rxc3 Kf7 39. Rc6 Bxe7 40. Bxe7 Kxe7 41. Kf2 a5 42. Ke3 Rb8 43. Ra6 Rb4 44. Rxa5 Kf6 45. Ra8 Ke5 46. a5 Rb3+ 47. Kf2 Ra3 48. Rg8 Rxa5 49. Rxg6 Rxd5 50. Rh6 Kf4 51. g3+ Kg5 52. Re6 Rf5+ 53. Ke2 d5 54. Re8 Kg4 55. Rg8+ Rg5 0-1

[Event "MGL-ch (Women) 51st"]
[Site "Murun"]
[Date "2019.09.26"]
[Round "7"]
[White "Anu, Bayar"]
[Black "Uchral, Gankhuyag"]
[Result "0-1"]
[WhiteElo "2165"]
[BlackElo "1747"]
[PlyCount "84"]
[EventDate "2019.09.21"]
[EventType "tourn"]
[EventRounds "11"]
[EventCountry "MGL"]
[SourceTitle "EXT 2020"]
[Source "ChessBase"]
[SourceDate "2019.10.17"]
[SourceVersion "1"]
[SourceVersionDate "2019.10.17"]
[SourceQuality "1"]

1. d4 d5 2. c4 c6 3. cxd5 cxd5 4. Nc3 Nc6 5. Bf4 Bf5 6. Nf3 e6 7. Qb3 Bb4 8. a3 Bxc3+ 9. bxc3 Nge7 10. Qxb7 0-0 11. Qb2 Na5 12. e3 Ng6 13. Bg3 e5 14. Nxe5 Rb8 15. Qa2 Nxe5 16. Bxe5 Rb3 17. Rc1 Qb6 18. Be2 Nc4 19. Bxc4 dxc4 20. 0-0 Bd3 21. a4 Rb2 22. Qa3 Bxf1 23. Kxf1 Qb3 24. Qb4 Qa2 25. Qa5 Rxf2+ 26. Kg1 Rxg2+ 27. Kh1 Rg5 28. Qd5 Qf2 29. Qe4 Qf5 30. Qxf5 Rxf5 31. Kg2 f6 32. e4 Rg5+ 33. Bg3 Ra5 34. d5 f5 35. d6 f4 36. Bh4 g5 37. Bf2 Kf7 38. e5 Ke6 39. Bd4 Rxa4 40. Rb1 Ra2+ 41. Kf3 Kf5 42. h3 h5 0-1

[Event "MGL-ch (Women) 51st"]
[Site "Murun"]
[Date "2019.09.23"]
[Round "4"]
[White "Anu, Bayar"]
[Black "Altantuya, Boldbaatar"]
[Result "0-1"]
[WhiteElo "2165"]
[BlackElo "2277"]
[PlyCount "98"]
[EventDate "2019.09.21"]
[EventType "tourn"]
[EventRounds "11"]
[EventCountry "MGL"]
[SourceTitle "EXT 2020"]
[Source "ChessBase"]
[SourceDate "2019.10.17"]
[SourceVersion "1"]
[SourceVersionDate "2019.10.17"]
[SourceQuality "1"]

1. d4 d5 2. c4 e6 3. Nc3 c6 4. cxd5 exd5 5. Qc2 Nf6 6. Bg5 Be7 7. e3 0-0 8. Bd3 h6 9. Bh4 Re8 10. Nf3 Nbd7 11. 0-0 Ne4 12. Bxe7 Qxe7 13. Rae1 Ndf6 14. Ne5 Nd6 15. b4 Nfe4 16. Na4 Nb5 17. Nc5 Nbd6 18. Na4 Qd8 19. f3 Nf6 20. Nc5 a5 21. a3 axb4 22. axb4 Qb6 23. Qb3 Be6 24. Ra1 Ra7 25. Ra4 Rea8 26. Rfa1 Bf5 27. Kf2 Bxd3 28. Ncxd3 Nb5 29. Nc5 Rxa4 30. Rxa4 Re8 31. Qc2 Qc7 32. Qc1 Nh7 33. g3 Qe7 34. Ra2 Ng5 35. Ncd3 Ne6 36. Nc5 Nf8 37. Qd2 f6 38. Ned3 b6 39. Na4 Nd7 40. Nc3 Nxc3 41. Qxc3 Qxe3+ 42. Kg2 c5 43. bxc5 bxc5 44. Ra7 Qe2+ 45. Kh3 Qf1+ 46. Kh4 g5+ 47. Kg4 f5+ 48. Kh5 Qh3+ 49. Kg6 Re6# 0-1

[Event "Novi Sad TS IM 117th"]
[Site "Novi Sad"]
[Date "2019.07.06"]
[Round "1"]
[White "Radlovacki, Jovan"]
[Black "Anu, Bayar"]
[Result "0-1"]
[WhiteElo "2319"]
[BlackElo "2100"]
[PlyCount "64"]
[EventDate "2019.07.06"]
[EventType "tourn"]
[EventRounds "9"]
[EventCountry "SRB"]
[SourceTitle "EXT 2020"]
[Source "ChessBase"]
[SourceDate "2019.10.17"]
[SourceVersion "1"]
[SourceVersionDate "2019.10.17"]
[SourceQuality "1"]

1. e4 e5 2. Nf3 d6 3. d4 exd4 4. Nxd4 Nf6 5. Nc3 Be7 6. Bc4 0-0 7. f3 Nc6 8. Be3 Nxd4 9. Qxd4 Be6 10. Bb3 a6 11. Nd5 Nxd5 12. Bxd5 Bh4+ 13. g3 Bf6 14. Qb4 Bxd5 15. exd5 Qe8 16. Kf2 Qb5 17. Qxb5 axb5 18. c3 b4 19. cxb4 Bxb2 20. Rae1 Rxa2 21. Re2 Rfa8 22. Rhe1 h6 23. Rc2 Bc3 24. Ree2 Rxc2 25. Rxc2 Bxb4 26. Rxc7 Ra2+ 27. Kg1 b5 28. Rb7 Ra5 29. Bb6 Ra1+ 30. Kg2 Rd1 31. h4 Rxd5 32. g4 Bc3 0-1

[Event "Belgrade Summer IM-B 2nd"]
[Site "Belgrade"]
[Date "2019.06.25"]
[Round "2"]
[White "Anu, Bayar"]
[Black "Saksham, Rautela"]
[Result "1/2-1/2"]
[WhiteElo "2127"]
[BlackElo "2210"]
[PlyCount "63"]
[EventDate "2019.06.24"]
[EventType "tourn"]
[EventRounds "9"]
[EventCountry "SRB"]
[EventCategory "2"]
[SourceTitle "EXT 2020"]
[Source "ChessBase"]
[SourceDate "2019.10.17"]
[SourceVersion "1"]
[SourceVersionDate "2019.10.17"]
[SourceQuality "1"]

1. d4 Nf6 2. c4 c5 3. d5 e6 4. Nc3 exd5 5. cxd5 d6 6. Nf3 g6 7. Nd2 Nbd7 8. g3 Bg7 9. Bg2 0-0 10. 0-0 a6 11. a4 Re8 12. Re1 Rb8 13. Nc4 Ne5 14. Nxe5 Rxe5 15. Bf4 Re8 16. e4 Ng4 17. h3 Ne5 18. Qe2 b5 19. axb5 axb5 20. Nxb5 Qb6 21. Na7 Qxb2 22. Nxc8 Qxe2 23. Rxe2 Rexc8 24. Ra6 Bf8 25. Bxe5 dxe5 26. Rc2 Ra8 27. Rb6 Rcb8 28. Rc6 h5 29. d6 Rd8 30. R6xc5 Bxd6 31. Rd5 Kf8 32. h4 1/2-1/2

[Event "Veliko Gradiste Silver Lake op"]
[Site "Veliko Gradiste"]
[Date "2019.06.23"]
[Round "9"]
[White "Kucumenler, Tarkan"]
[Black "Anu, Bayar"]
[Result "1/2-1/2"]
[WhiteElo "2024"]
[BlackElo "2127"]
[PlyCount "60"]
[EventDate "2019.06.16"]
[EventType "swiss"]
[EventRounds "9"]
[EventCountry "SRB"]
[SourceTitle "CBM 191 Extra"]
[Source "ChessBase"]
[SourceDate "2019.09.30"]
[SourceVersion "1"]
[SourceVersionDate "2019.09.30"]
[SourceQuality "1"]

1. e4 e5 2. Nf3 Nc6 3. Bc4 Bc5 4. 0-0 Nf6 5. d3 0-0 6. h3 d5 7. exd5 Nxd5 8. Re1 Nb6 9. Bb3 a5 10. a3 h6 11. Nbd2 Bd6 12. Ne4 Bf5 13. Be3 Nd7 14. Nxd6 cxd6 15. Nd2 Bg6 16. Qg4 Kh7 17. f4 f5 18. Qg3 Nf6 19. a4 e4 20. dxe4 fxe4 21. Rad1 Bh5 22. Rc1 d5 23. c3 d4 24. cxd4 Nxd4 25. Bxd4 Qxd4+ 26. Qe3 Rad8 27. Qxd4 Rxd4 28. Nc4 Nd5 29. Nxa5 Nxf4 30. Bc4 Rd2 1/2-1/2

[Event "Veliko Gradiste Silver Lake op"]
[Site "Veliko Gradiste"]
[Date "2019.06.18"]
[Round "4"]
[White "Anu, Bayar"]
[Black "Ninov, Dayan"]
[Result "0-1"]
[WhiteElo "2127"]
[BlackElo "2288"]
[PlyCount "101"]
[EventDate "2019.06.16"]
[EventType "swiss"]
[EventRounds "9"]
[EventCountry "SRB"]
[SourceTitle "CBM 191 Extra"]
[Source "ChessBase"]
[SourceDate "2019.09.30"]
[SourceVersion "1"]
[SourceVersionDate "2019.09.30"]
[SourceQuality "1"]

1. d4 g6 2. c4 Bg7 3. Nc3 c5 4. d5 Bxc3+ 5. bxc3 f5 6. g3 Nf6 7. Bh6 Qa5 8. Qc2 d6 9. Nf3 Nbd7 10. Bg2 Nb6 11. Nd2 Ng4 12. Bf4 Bd7 13. 0-0 Ba4 14. Qd3 Nd7 15. Nf3 0-0-0 16. h3 Nge5 17. Bxe5 Nxe5 18. Nxe5 dxe5 19. e4 Rhf8 20. exf5 gxf5 21. Qe3 Qc7 22. Rfe1 e4 23. Qh6 Bc2 24. Qxh7 Bd3 25. Bf1 Bxf1 26. Kxf1 Qe5 27. Kg2 Rh8 28. Qf7 Rd6 29. Re3 Rf6 30. Qg7 Rhh6 31. f4 Qd6 32. Rb1 Qd8 33. Rb5 Rhg6 34. Rxc5+ Kb8 35. Qh7 Qf8 36. Qh5 Ra6 37. Qe2 e5 38. d6 exf4 39. d7 Rac6 40. Rxf5 f3+ 41. Kh2 Qxf5 42. d8Q+ Rc8 43. Qed1 f2 44. Qxc8+ Kxc8 45. Qf1 Rf6 46. Kg2 Qc5 47. Re2 e3 48. h4 Qc6+ 49. Kh2 Qf3 50. Qh3+ Kc7 51. Qf1 0-1

[Event "Eastern Asia-ch zt 3.3 (Women)"]
[Site "Ulaanbaatar"]
[Date "2019.04.13"]
[Round "7"]
[White "Margadgua, Erdenebayar"]
[Black "Anu, Bayar"]
[Result "0-1"]
[WhiteElo "1585"]
[BlackElo "2146"]
[PlyCount "110"]
[EventDate "2019.04.07"]
[EventType "swiss"]
[EventRounds "9"]
[EventCountry "MGL"]
[SourceTitle "CBM 189 Extra"]
[Source "ChessBase"]
[SourceDate "2019.06.03"]
[SourceVersion "1"]
[SourceVersionDate "2019.06.03"]
[SourceQuality "1"]

1. e4 c5 2. Nf3 a6 3. c3 g6 4. Be2 Bg7 5. 0-0 Nf6 6. d3 0-0 7. Be3 d6 8. h3 b5 9. Qc1 Re8 10. Nbd2 Bb7 11. a4 Nbd7 12. Qc2 Qc7 13. axb5 axb5 14. Qb3 Bc6 15. Ng5 e6 16. f4 h6 17. Ngf3 b4 18. Qc2 bxc3 19. bxc3 Nh5 20. d4 Ng3 21. Rxa8 Nxe2+ 22. Kf2 Rxa8 23. Kxe2 cxd4 24. Bxd4 Ba4 25. Qc1 Nc5 26. Bxg7 Kxg7 27. c4 Bc6 28. Qc2 Qa7 29. Qc3+ Kg8 30. Qe3 Qa2 31. e5 Ne4 32. Rc1 Ng3+ 33. Ke1 Ra3 34. Qb6 Bxf3 35. gxf3 Rxf3 36. Qg1 dxe5 37. fxe5 Rf1+ 38. Qxf1 Nxf1 39. Nxf1 Qb2 40. Kd1 Qxe5 41. c5 Qd5+ 42. Nd2 Qc6 43. Nb3 e5 44. h4 f5 45. Rc2 Qf3+ 46. Kc1 Qxb3 47. c6 Qa3+ 48. Kd1 Qa1+ 49. Ke2 Qa6+ 50. Kd1 Kf7 51. c7 Qc8 52. Ke2 Ke6 53. Rc6+ Kd5 54. Rxg6 Qxc7 55. h5 Ke4 0-1

[Event "Eastern Asia-ch zt 3.3 (Women)"]
[Site "Ulaanbaatar"]
[Date "2019.04.08"]
[Round "2"]
[White "Anu, Bayar"]
[Black "Vo, Thi Kim Phung"]
[Result "0-1"]
[WhiteElo "2146"]
[BlackElo "2349"]
[PlyCount "50"]
[EventDate "2019.04.07"]
[EventType "swiss"]
[EventRounds "9"]
[EventCountry "MGL"]
[SourceTitle "CBM 189 Extra"]
[Source "ChessBase"]
[SourceDate "2019.06.03"]
[SourceVersion "1"]
[SourceVersionDate "2019.06.03"]
[SourceQuality "1"]

1. d4 d5 2. c4 c6 3. Nc3 Nf6 4. e3 g6 5. Nf3 Bg7 6. Be2 0-0 7. 0-0 Bg4 8. b3 c5 9. h3 cxd4 10. exd4 Bf5 11. Nxd5 Nxd5 12. cxd5 Be4 13. Bg5 Bxd5 14. Qd2 Nc6 15. Rad1 Rc8 16. Ne5 f6 17. Nxc6 Rxc6 18. Bf4 Qb6 19. Bd3 Rd8 20. Bb1 f5 21. Be5 Bxb3 22. Bxg7 Bxd1 23. Be5 Qxb1 24. d5 Qe4 25. Re1 Rxd5 0-1

[Event "Backi Petrovac TS 94th"]
[Site "Backi Petrovac"]
[Date "2018.11.30"]
[Round "9"]
[White "Anu, Bayar"]
[Black "Popchev, Milko"]
[Result "1-0"]
[WhiteElo "2035"]
[BlackElo "2268"]
[PlyCount "105"]
[EventDate "2018.11.26"]
[EventType "tourn"]
[EventRounds "11"]
[EventCountry "SRB"]
[SourceTitle "CBM 187 Extra"]
[Source "ChessBase"]
[SourceDate "2018.11.04"]
[SourceVersion "1"]
[SourceVersionDate "2018.11.04"]
[SourceQuality "1"]

1. d4 Nf6 2. c4 e6 3. Nc3 Bb4 4. e3 d5 5. Bd3 0-0 6. Nge2 dxc4 7. Bxc4 Nc6 8. 0-0 a6 9. a3 Be7 10. e4 b5 11. Ba2 Bb7 12. f4 Na5 13. b4 Nc4 14. Ng3 Nb6 15. f5 Bc8 16. e5 Nfd5 17. Nxd5 Nxd5 18. f6 gxf6 19. Bh6 Kh8 20. Bxd5 Qxd5 21. Bxf8 Bb7 22. Qf3 Qxd4+ 23. Qf2 Qxf2+ 24. Rxf2 Rxf8 25. exf6 Bd6 26. Re2 Bd5 27. Ne4 Rg8 28. Rc1 Bxe4 29. Rxe4 Rg6 30. Rc6 Rxf6 31. Rxa6 Kg7 32. Rg4+ Rg6 33. Rxg6+ hxg6 34. Ra5 c5 35. Rxb5 cxb4 36. axb4 Kf6 37. Rb7 e5 38. h3 Ke6 39. b5 e4 40. Kf2 f5 41. Rb6 Kd5 42. Rc6 f4 43. Rc8 Bc5+ 44. Ke2 g5 45. Rg8 Kc4 46. Rxg5 Kxb5 47. Rf5 f3+ 48. gxf3 exf3+ 49. Kxf3 Kc6 50. h4 Bd4 51. h5 Kd6 52. h6 Ke6 53. Kg4 1-0

[Event "Backi Petrovac TS 94th"]
[Site "Backi Petrovac"]
[Date "2018.11.29"]
[Round "7"]
[White "Anu, Bayar"]
[Black "Konstantinov, Aleksandar1111"]
[Result "1/2-1/2"]
[WhiteElo "2035"]
[BlackElo "2080"]
[PlyCount "27"]
[EventDate "2018.11.26"]
[EventType "tourn"]
[EventRounds "11"]
[EventCountry "SRB"]
[SourceTitle "CBM 187 Extra"]
[Source "ChessBase"]
[SourceDate "2018.11.04"]
[SourceVersion "1"]
[SourceVersionDate "2018.11.04"]
[SourceQuality "1"]

1. d4 Nf6 2. c4 e6 3. Nc3 Bb4 4. e3 d5 5. Bd3 0-0 6. Nge2 b6 7. 0-0 Bb7 8. a3 Bd6 9. Ng3 dxc4 10. Bxc4 c5 11. dxc5 Bxc5 12. b4 Be7 13. Bb2 a6 14. Qe2 1/2-1/2

[Event "Backi Petrovac TS 94th"]
[Site "Backi Petrovac"]
[Date "2018.11.26"]
[Round "1"]
[White "Anu, Bayar"]
[Black "Radlovacki, Jovan"]
[Result "1/2-1/2"]
[WhiteElo "2035"]
[BlackElo "2317"]
[PlyCount "20"]
[EventDate "2018.11.26"]
[EventType "tourn"]
[EventRounds "11"]
[EventCountry "SRB"]
[SourceTitle "CBM 187 Extra"]
[Source "ChessBase"]
[SourceDate "2018.11.04"]
[SourceVersion "1"]
[SourceVersionDate "2018.11.04"]
[SourceQuality "1"]

1. d4 Nf6 2. c4 e6 3. Nc3 Bb4 4. e3 0-0 5. Bd3 b6 6. Nge2 Bb7 7. 0-0 Re8 8. f3 d5 9. a3 Be7 10. b4 a5 1/2-1/2

[Event "Novi Sad TS IM 84th"]
[Site "Novi Sad"]
[Date "2018.11.11"]
[Round "4"]
[White "Dinev, Dejan"]
[Black "Anu, Bayar"]
[Result "0-1"]
[WhiteElo "2278"]
[BlackElo "2035"]
[PlyCount "48"]
[EventDate "2018.11.09"]
[EventType "tourn"]
[EventRounds "9"]
[EventCountry "SRB"]
[EventCategory "1"]
[SourceTitle "CBM 187 Extra"]
[Source "ChessBase"]
[SourceDate "2018.11.04"]
[SourceVersion "1"]
[SourceVersionDate "2018.11.04"]
[SourceQuality "1"]

1. d4 Nf6 2. Nf3 c5 3. c4 g6 4. dxc5 Qa5+ 5. Nbd2 Qxc5 6. e4 Bg7 7. Be2 d6 8. 0-0 0-0 9. Nb3 Qc7 10. Bd3 Nc6 11. Be3 Ng4 12. Bc1 Nge5 13. Nxe5 Nxe5 14. Rb1 Be6 15. Nd4 Bxc4 16. Bxc4 Qxc4 17. b3 Qa6 18. a4 Rac8 19. Nb5 b6 20. Bg5 Qb7 21. f3 a6 22. Na3 b5 23. axb5 axb5 24. Qe2 Qa7+ 0-1

[Event "Pavlodar op"]
[Site "Pavlodar"]
[Date "2017.11.23"]
[Round "4"]
[White "Anu, Bayar"]
[Black "Gan Od, Sereenen"]
[Result "1-0"]
[WhiteElo "2030"]
[BlackElo "2272"]
[PlyCount "170"]
[EventDate "2017.11.21"]
[EventType "swiss"]
[EventRounds "9"]
[EventCountry "KAZ"]
[SourceTitle "EXT 2019"]
[Source "ChessBase"]
[SourceDate "2018.10.10"]
[SourceVersion "1"]
[SourceVersionDate "2018.10.10"]
[SourceQuality "1"]

1. d4 Nf6 2. c4 g6 3. Nc3 d5 4. Nf3 Bg7 5. Bg5 Ne4 6. cxd5 Nxg5 7. Nxg5 e6 8. Qd2 h6 9. Nh3 exd5 10. Qe3+ Kf8 11. Nf4 Nc6 12. 0-0-0 Ne7 13. Qf3 c6 14. e4 h5 15. exd5 cxd5 16. Re1 Bh6 17. Kb1 Bg4 18. Qe3 Qd6 19. g3 Nf5 20. Qe5 Qxe5 21. dxe5 Bxf4 22. gxf4 d4 23. Ne4 Kg7 24. Bd3 Nh4 25. Nd6 Bf3 26. Rhg1 Ng2 27. Rc1 Nxf4 28. Rc7 Bd5 29. Be4 Bxe4+ 30. Nxe4 Ne6 31. Rxb7 Rhb8 32. Rxb8 Rxb8 33. Nd6 d3 34. b3 Rb4 35. Nc4 Rb5 36. Kb2 Rd5 37. Kc3 Rd4 38. Rg3 Rf4 39. Rxd3 Rxf2 40. Rd2 Rf3+ 41. Rd3 Rf1 42. Rd7 a6 43. a4 h4 44. b4 Ra1 45. Kb3 Rb1+ 46. Kc3 Rc1+ 47. Kb3 Rh1 48. Rd2 Rb1+ 49. Rb2 Ra1 50. Nd6 Nd4+ 51. Kc3 Nc6 52. b5 axb5 53. axb5 Nxe5 54. b6 Nd7 55. b7 Rc1+ 56. Kd2 Rc6 57. Ne4 Nb8 58. Ke3 f5 59. Ng5 Kf6 60. Nf3 g5 61. Nd4 Ra6 62. Rb5 Ra3+ 63. Kf2 Ra2+ 64. Kg1 Ra1+ 65. Kg2 Ra2+ 66. Kg1 g4 67. Nxf5 h3 68. Ng3 Rg2+ 69. Kh1 Rc2 70. Kg1 Rg2+ 71. Kh1 Rc2 72. Kg1 Ke6 73. Rb4 Ke5 74. Rxg4 Rg2+ 75. Kh1 Rb2 76. Kg1 Rxb7 77. Re4+ Kf6 78. Rh4 Kg5 79. Rxh3 Nc6 80. Rh8 Nd4 81. Rg8+ Kh6 82. Rd8 Rb4 83. Rxd4 Rb2 84. Rf4 Kg5 85. Rf2 Rb3 1-0

[Event "Asian Continental op (Women) 16th"]
[Site "Chengdu"]
[Date "2017.05.18"]
[Round "7"]
[White "Khan, Nazrana"]
[Black "Anu, Bayar"]
[Result "0-1"]
[WhiteElo "1912"]
[BlackElo "2067"]
[PlyCount "72"]
[EventDate "2017.05.12"]
[EventType "swiss"]
[EventRounds "9"]
[EventCountry "CHN"]
[SourceTitle "CBM 178 Extra"]
[Source "ChessBase"]
[SourceDate "2017.06.22"]
[SourceVersion "1"]
[SourceVersionDate "2017.06.22"]
[SourceQuality "1"]

1. d4 Nf6 2. Nf3 c5 3. d5 e6 4. c4 exd5 5. cxd5 g6 6. Nc3 d6 7. e4 Bg7 8. Bb5+ Bd7 9. Be2 0-0 10. 0-0 Bg4 11. h3 Bxf3 12. Bxf3 a6 13. a4 Nbd7 14. Bf4 Qe7 15. a5 Ne8 16. Re1 Ne5 17. Na4 Nc7 18. Nb6 Rab8 19. Be2 Nb5 20. Bxb5 axb5 21. Qe2 c4 22. Bxe5 Bxe5 23. Rab1 Qc7 24. Qe3 Rfe8 25. g3 Re7 26. Re2 Rbe8 27. f4 Bg7 28. e5 Bxe5 29. Rd2 Bxb2 30. Qf2 c3 31. Rc2 b4 32. Kg2 b3 33. Rcxb2 cxb2 34. Rxb2 Qc3 35. Na4 Qxa5 36. Qd4 Re4 0-1